书目信息 |
| 题名: |
南北朝风云
|
|
| 作者: | 孙峰 , 孙艺真 著 | |
| 分册: | 五 | |
| 出版信息: | 北京 中国文史出版社 2018 |
|
| 页数: | 352页 | |
| 开本: | 24cm | |
| 丛书名: | 认认真真讲历史 | |
| 单 册: | ||
| 中图分类: | K239.09 , K23 | |
| 科图分类: | ||
| 主题词: | 南北朝时代--nan bei chao shi dai--古代史--通俗读物 | |
| 电子资源: | ||
| ISBN: | 978-7-5034-9534-2 | |
| 000 | 01069nam 2200301 450 | |
| 001 | 012001007166 | |
| 005 | 20191023154537.73 | |
| 010 | @a978-7-5034-9534-2@dCNY60.00 | |
| 099 | @aCAL 012018090291 | |
| 100 | @a20180414d2018 em y0chiy50 ea | |
| 101 | 0 | @achi |
| 102 | @aCN@b110000 | |
| 105 | @ay z 000yy | |
| 106 | @ar | |
| 200 | 1 | @a南北朝风云@Anan bei chao feng yun@h五@f孙峰, 孙艺真著 |
| 210 | @a北京@c中国文史出版社@d2018 | |
| 215 | @a352页@d24cm | |
| 225 | 2 | @a认认真真讲历史@Aren ren zhen zhen jiang li shi |
| 314 | @a孙峰, 长期致力于细说历史, 天涯人气作家。孙艺真, 毕业于中国青年政治学院。 | |
| 330 | @a本书是系列丛书《认认真真讲历史》之《南北朝风云》中的第五卷, 全面、客观记录南北朝的历史, 全面反映南北朝那段精彩纷呈而又不为国人熟知的历史。 | |
| 410 | 0 | @12001 @a认认真真讲历史 |
| 606 | 0 | @a南北朝时代@Anan bei chao shi dai@x古代史@j通俗读物 |
| 690 | @aK239.09@v5 | |
| 690 | @aK23@v5 | |
| 701 | 0 | @a孙峰@Asun feng@4著 |
| 701 | 0 | @a孙艺真@Asun yi zhen@4著 |
| 801 | 2 | @aCN@b上海新华@c20191020 |
| 905 | @b1176158-62@dK239.09@e113:5@f5 | |
| 南北朝风云.五/孙峰, 孙艺真著.-北京:中国文史出版社,2018 |
| 352页;24cm.-(认认真真讲历史) |
| ISBN 978-7-5034-9534-2:CNY60.00 |
| 本书是系列丛书《认认真真讲历史》之《南北朝风云》中的第五卷, 全面、客观记录南北朝的历史, 全面反映南北朝那段精彩纷呈而又不为国人熟知的历史。 |
| ● |
| 相关链接 |
|
|
|
|
正题名:南北朝风云
索取号:K239.09/113:5
 
预约/预借
| 序号 | 登录号 | 条形码 | 馆藏地/架位号 | 状态 | 备注 |
| 1 | 1176158 | 211761583 | 第二样本阅览室/ [索取号:K239.09/113:5] | 在馆 | |
| 2 | 1176159 | 211761592 | 第二借阅区/ [索取号:K239.09/113:5] | 在馆 | |
| 3 | 1176160 | 211761609 | 第二借阅区/ [索取号:K239.09/113:5] | 在馆 | |
| 4 | 1176161 | 211761618 | 第二借阅区/ [索取号:K239.09/113:5] | 在馆 | |
| 5 | 1176162 | 211761627 | 第二借阅区/ [索取号:K239.09/113:5] | 在馆 |